All Euro 2024 Results - Statistics

General Stats
  • This quiz has been taken 311 times
    260 since last reset
  • The average score is 38 of 51
Answer Stats
Round 1st Team Scoreline 2nd Team % Correct
Round 1 Germany 5-1 Scotland
96%
Round 1 Italy 2-1 Albania
84%
Round 1 Spain 3-0 Croatia
84%
Round 1 Serbia 0-1 England
82%
Final Spain 2-1 England
82%
Round 1 Hungary 1-3 Switzerland
79%
Quarter-finals Spain 2-1 Germany
79%
Semi-finals Spain 2-1 France
79%
Round 2 Spain 1-0 Italy
78%
Round 1 Slovenia 1-1 Denmark
78%
Round 1 Poland 1-2 Netherlands
78%
Semi-finals Netherlands 1-2 England
78%
Round 1 Portugal 2-1 Czechia
78%
Round 1 Austria 0-1 France
77%
Round 2 Denmark 1-1 England
77%
Round of 16 England 2-1 Slovakia
77%
Round 2 Germany 2-0 Hungary
76%
Round 1 Romania 3-0 Ukraine
76%
Round 1 Belgium 0-1 Slovakia
75%
Round 2 Scotland 1-1 Switzerland
75%
Round 2 Slovenia 1-1 Serbia
75%
Round 1 Türkiye 3-1 Georgia
75%
Round 2 Croatia 2-2 Albania
74%
Round of 16 Spain 4-1 Georgia
74%
Quarter-finals England 1-1 Switzerland
73%
Round of 16 Switzerland 2-0 Italy
73%
Round of 16 Germany 2-0 Denmark
73%
Quarter-finals Netherlands 2-1 Türkiye
73%
Round 2 Türkiye 0-3 Portugal
72%
Round 3 Switzerland 1-1 Germany
72%
Round 3 Croatia 1-1 Italy
72%
Round of 16 Austria 1-2 Türkiye
72%
Round 3 England 0-0 Slovenia
71%
Quarter-finals Portugal 0-0 France
71%
Round 3 Albania 0-1 Spain
71%
Round of 16 France 1-0 Belgium
71%
Round 2 Slovakia 1-2 Ukraine
71%
Round 3 Scotland 0-1 Hungary
70%
Round of 16 Romania 0-3 Netherlands
70%
Round 2 Georgia 1-1 Czechia
70%
Round 2 Netherlands 0-0 France
69%
Round of 16 Portugal 0-0 Slovenia
69%
Round 2 Poland 1-3 Austria
69%
Round 3 France 1-1 Poland
68%
Round 2 Belgium 2-0 Romania
68%
Round 3 Slovakia 1-1 Romania
66%
Round 3 Georgia 2-0 Portugal
65%
Round 3 Denmark 0-0 Serbia
64%
Round 3 Czechia 1-2 Türkiye
64%
Round 3 Ukraine 0-0 Belgium
63%
Round 3 Netherlands 2-3 Austria
62%
No matching quizzes found
Score Distribution
Percent of People with Each Score
Percentile by Number Answered
Your Score History
You have not taken this quiz since the last reset